Darwin y Chile
Gorde:
| Egile nagusia: | |
|---|---|
| Formatua: | Liburua |
| Hizkuntza: | gaztelania |
| Argitaratua: |
Santiago
Universitaria
1960
|
| Edizioa: | 1a. ed |
| Gaiak: | |
| Etiketak: |
Etiketa erantsi
Etiketarik gabe, Izan zaitez lehena erregistro honi etiketa jartzen!
|
MARC
| LEADER | 00000cam a2200000 a 4500 | ||
|---|---|---|---|
| 001 | UCE6387 | ||
| 003 | CL-VaPUC | ||
| 008 | 150409e19600000cl |||||||||||||||||spa|d | ||
| 082 | 0 | 4 | |a 918.804 |b VIL |2 21 |
| 100 | 0 | |a Villalobos Rivera, Sergio |e author |9 579045 | |
| 245 | 1 | 0 | |a Darwin y Chile |
| 250 | |a 1a. ed | ||
| 300 | |a 43 p | ||
| 942 | |c BK | ||
| 945 | |d 20150409 10:07:00 |a dcastane | ||
| 260 | |a Santiago |b Universitaria |c 1960 | ||
| 500 | |a Separata del Nº 385 de la revista Atenea | ||
| 600 | 0 | |a Darwin Charles |9 398 | |
| 650 | 0 | |a Viajes y descripciones |9 363745 | |
| 583 | |a last modification |c 20150409 10:07:00 |k Rodrigo Vera | ||
| 999 | |c 358719 |d 358717 | ||
| 952 | |0 0 |1 0 |3 erb |4 0 |6 918_804000000000000_VIL_1960 |7 0 |8 X |9 467595 |a FDOBUD |b FDOBUD |i 5158125 |o 918.804 VIL 1960 |p 5158125 |r 2019-11-23 |w 2019-11-23 |y BK_X |z Catalogado en:20150409 |k BUD | ||